| 000 | 02823cam a2200469 a 4500 | ||
|---|---|---|---|
| 001 | 15141403 | ||
| 005 | 20081030144003.0 | ||
| 008 | 080114s2009 nyua 001 0 eng | ||
| 010 | _a 2008001634 | ||
| 015 |
_aGBA819508 _2bnb |
||
| 016 | 7 |
_a014524283 _2Uk |
|
| 020 | _a0077221435 | ||
| 020 | _a9780077221430 | ||
| 035 |
_a(OCoLC)191024028 _z(OCoLC)191811187 |
||
| 035 | _a(OCoLC)ocn191024028 | ||
| 040 |
_aDLC _cDLC _dUKM _dBTCTA _dYDXCP _dBAKER _dBWX _dCOD _dIXA _dDLC |
||
| 050 | 0 | 0 |
_aTK7888.4 _b.B76 2008 |
| 082 | 0 | 0 |
_a621.395 _222 _bBRO |
| 100 | 1 |
_aBrown, Stephen D. _93740 |
|
| 245 | 1 | 0 |
_aFundamentals of Digital Logic with VHDL Design / _cStephen Brown and Zvonko Vranesic. |
| 250 |
_a3rd ed. _bInternational ed. |
||
| 260 |
_aNew York, NY : _bMcGraw-Hill, 2009 _cc2009. |
||
| 300 |
_axx, 939 p. : _bill. (some col.) ; _c24 cm. + _e1 CD-ROM (4 3/4 in.) |
||
| 440 | 0 |
_aMcGraw-Hill series in electrical and computer engineering _93741 |
|
| 500 | _aIncludes index. | ||
| 500 | _aAccompanying CD-ROM contains Altera's Quartus II CAD system and all VHDL examples presented in the book. | ||
| 538 | _aMinimum system requirements (PC): Pentium III processor or later; Windows XP or later; USB port for connecting a USB-Blaster; TCP/IP networking protocol installed; Internet Explorer 6.0 or later. | ||
| 650 | 0 |
_aLogic circuits _xDesign and construction _xData processing. _93742 |
|
| 650 | 0 |
_aLogic design _xData processing. _93743 |
|
| 650 | 0 |
_aVHDL (Computer hardware description language) _93744 |
|
| 653 |
_bEle _cOctober2011 |
||
| 700 | 1 |
_aVranesic, Zvonko G. _93745 |
|
| 942 |
_2ddc _cBB |
||
| 999 |
_c11312 _d11312 |
||